| 000 | 00919nam a22002417a 4500 | ||
|---|---|---|---|
| 005 | 20080623170952.0 | ||
| 008 | 080618t xxu||||| |||| 00| 0 eng d | ||
| 010 | _aENG-90407 | ||
| 020 |
_c450.00 _a8189901417 |
||
| 035 | _aEN-73940 | ||
| 037 | _bDBAD / PUB | ||
| 040 |
_aDPL _bEN |
||
| 082 | _a302.230954 | ||
| 100 | _aBhatewara, Suresh M. | ||
| 245 |
_aMedia and parliament: _ba view from the Press Gallery / _cby Suresh M. Bhatewara |
||
| 260 |
_aDelhi _bAcademic Excellence _c2008 |
||
| 260 |
_a _b |
||
| 270 |
_a42, Ekta Apartments, Geeta Colony, _bDelhi _e110031 |
||
| 300 |
_axvi, 160p. _c23 cm (Hb) |
||
| 500 | _aIncludex bibliographical references and apendix | ||
| 942 |
_cEN _h302.230954 _2ddc _mBHA |
||
| 999 |
_c13907 _d13907 |
||